| 000 | 00664 a2200217 4500 | ||
|---|---|---|---|
| 020 | _a0789559579 | ||
| 040 |
_aLibrary of Congress _bEnglish |
||
| 082 | _a004.21 | ||
| 100 | 1 | _aShelly, Gary B. | |
| 245 | 1 | 0 |
_aSystems analysis and design _cGary B. Shelly, Thomas J. Cashman, Harry J. Rosenblatt. |
| 250 | _a4th ed. | ||
| 260 |
_aBoston : _bCourse Technology, _cc2001. |
||
| 300 |
_a1 v. (various pagings) : _bcol. ill. ; _c28 cm. |
||
| 490 | 1 | _aShelly Cashman series. | |
| 650 | 0 | _aSystem analysis. | |
| 650 | 0 | _aSystem design. | |
| 700 | 1 | _aCashman, Thomas J. | |
| 700 | 1 | _aRosenblatt, Harry J. | |
| 800 | 1 | _aShelly, Gary B. | |
| 942 |
_cBK _k004.21 SHE _2ddc |
||
| 999 |
_c5481 _d5481 |
||